|
|
|
|
| LEADER |
00000cas a2200000 a 4500 |
| 001 |
vtls008423709 |
| 003 |
SK-MaSNL |
| 005 |
20260228161013.0 |
| 008 |
060112c19919999xo fr|n 0 b0slo |
| 022 |
|
|
|a 1335-0021
|
| 040 |
|
|
|a SVKPO
|b slo
|c SVKPO
|d SNK
|d SVKBB
|e AACR2
|
| 041 |
0 |
|
|a slo
|
| 044 |
|
|
|a xo
|c SK
|
| 072 |
|
7 |
|a 654
|x Telekomunikácie a diaľkové riadenie
|2 konspekt
|
| 072 |
|
7 |
|a 27
|x Kresťanstvo. Kresťanská cirkev všeobecne. Ekleziológia
|2 konspekt
|
| 080 |
|
|
|a 654.195.6
|2 2011
|
| 080 |
|
|
|a 27
|2 2011
|
| 080 |
|
|
|a 050
|2 2011
|
| 080 |
|
|
|a 2(051)
|2 2011
|
| 210 |
0 |
|
|a Anténa
|b (Bratisl.)
|
| 222 |
|
0 |
|a Anténa
|b (Bratislava)
|
| 245 |
0 |
0 |
|a Anténa
|b mesačník priateľov Trans World Rádia Slovakia
|
| 246 |
1 |
3 |
|a Anténa rádio 7
|
| 246 |
1 |
3 |
|a Anténa 7
|f 2009-
|
| 260 |
|
|
|a Bratislava
|b Trans World Rádia Slovakia
|c 1991-
|
| 300 |
|
|
|a zv.
|c 20-31 cm
|
| 310 |
|
|
|a 2x ročne
|b 2009-
|
| 321 |
|
|
|a 4x ročne
|b 2006-2008
|
| 321 |
|
|
|a 1x mesačne
|b 2004-2005
|
| 500 |
|
|
|a Podnázov od r. 2006: programový štvrťročník spoločnosti Trans World Radio Slovakia ; od č. 1/2008: programový štvormesačník spoločnosti Trans World Radio Slovakia ; od č. 2/2008: programový šesťmesačník spoločnosti Trans World Radio Slovakia ; od r. 2009: programový informátor spoločnosti Trans World Radio - Slovakia
|
| 500 |
|
|
|a Registračné č.: MK SR 569/92
|
| 650 |
0 |
7 |
|a rozhlasové vysielanie
|2 SNKPH
|9 19400
|
| 650 |
0 |
7 |
|a náboženské rozhlasové vysielanie
|2 SNKPH
|9 267774
|
| 655 |
|
7 |
|a náboženské časopisy
|2 SNKPH
|9 70790
|
| 850 |
|
|
|a Štátna vedecká knižnica v Prešove
|
| 852 |
|
|
|a Štátna vedecká knižnica v Banskej Bystrici
|
| 910 |
|
|
|a snk
|
| 999 |
|
|
|c 4074
|d 6004
|
| 952 |
|
|
|0 0
|1 0
|4 0
|7 0
|8 0
|a SNK
|b SNK
|d 2006-12-04
|i snk2006/25227
|l 0
|o snkČSB 4417/1996
|p 17A0463385
|r 2026-02-21 20:04:54
|t č. 1-2
|w 2026-02-21
|y PREZ
|
| 952 |
|
|
|0 0
|1 0
|4 0
|7 0
|8 0
|a SNK
|b SNK
|d 2006-12-04
|i snk2006/25229
|l 0
|o snkČSB 4417/1997
|p 17A0463387
|r 2026-02-21 20:04:54
|t č. 1-4
|w 2026-02-21
|y PREZ
|
| 952 |
|
|
|0 0
|1 0
|4 0
|7 0
|8 0
|a SNK
|b SNK
|d 2006-12-04
|i snk2006/25230
|l 0
|o snkČSB 4417/1997 D1
|p 17A0463388
|r 2026-02-21 20:04:54
|t č. 1-4
|w 2026-02-21
|y PREZ
|
| 952 |
|
|
|0 0
|1 0
|4 0
|7 0
|8 0
|a SNK
|b SNK
|d 2006-12-04
|i snk2006/25231
|l 0
|o snkČSB 4417/1998
|p 17A0463389
|r 2026-02-21 20:04:54
|t č. 1-4
|w 2026-02-21
|y PREZ
|
| 952 |
|
|
|0 0
|1 0
|4 0
|7 0
|8 0
|a SNK
|b SNK
|d 2006-12-04
|i snk2006/25232
|l 0
|o snkČSB 4417/1998 D1
|p 17A0463390
|r 2026-02-21 20:04:54
|t č. 1-4
|w 2026-02-21
|y PREZ
|
| 952 |
|
|
|0 0
|1 0
|4 0
|7 0
|8 0
|a SNK
|b SNK
|d 2006-12-04
|i snk2006/25233
|l 0
|o snkČSB 4417/10/2000
|p 17A0463391
|r 2026-02-21 20:04:54
|t č. 1-12
|w 2026-02-21
|y PREZ
|
| 952 |
|
|
|0 0
|1 0
|4 0
|7 0
|8 0
|a SNK
|b SNK
|d 2006-12-04
|i snk2006/25234
|l 0
|o snkČSB 4417/10/2000 D1
|p 17A0463392
|r 2026-02-21 20:04:54
|t č. 1-12
|w 2026-02-21
|y PREZ
|
| 952 |
|
|
|0 0
|1 0
|4 0
|7 0
|8 0
|a SNK
|b SNK
|d 2006-12-04
|i snk2006/25235
|l 0
|o snkČSB 4417/11/2001
|p 17A0463393
|r 2026-02-21 20:04:54
|t č. 1-12, neúplné
|w 2026-02-21
|y PREZ
|z Chýba č. 2
|
| 952 |
|
|
|0 0
|1 0
|4 0
|7 0
|8 0
|a SNK
|b SNK
|d 2006-12-04
|i snk2006/25236
|l 0
|o snkČSB 4417/11/2001 D1
|p 17A0463394
|r 2026-02-21 20:04:55
|t č. 1-12, neúplné
|w 2026-02-21
|y PREZ
|z Chýba č. 2
|
| 952 |
|
|
|0 0
|1 0
|4 0
|7 0
|8 0
|a SNK
|b SNK
|d 2006-12-04
|i snk2006/25237
|l 0
|o snkČSB 4417/12/2002
|p 17A0463395
|r 2026-02-21 20:04:55
|t č. 1-12
|w 2026-02-21
|y PREZ
|
| 952 |
|
|
|0 0
|1 0
|4 0
|7 0
|8 0
|a SNK
|b SNK
|d 2006-12-04
|i snk2006/25238
|l 0
|o snkČSB 4417/12/2002 D1
|p 17A0463396
|r 2026-02-21 20:04:55
|t č. 1-12
|w 2026-02-21
|y PREZ
|
| 952 |
|
|
|0 0
|1 0
|4 0
|7 0
|8 0
|a SNK
|b SNK
|d 2006-12-04
|i snk2006/25239
|l 0
|o snkČSB 4417/14/2004
|p 17A0463397
|r 2026-02-21 20:04:55
|t č. 1-12
|w 2026-02-21
|y PREZ
|
| 952 |
|
|
|0 0
|1 0
|4 0
|7 0
|8 0
|a SNK
|b SNK
|d 2006-12-04
|i snk2006/25240
|l 0
|o snkČSB 4417/14/2004 D1
|p 17A0463398
|r 2026-02-21 20:04:55
|t č. 1-12
|w 2026-02-21
|y PREZ
|
| 952 |
|
|
|0 0
|1 0
|4 0
|7 0
|8 0
|a SNK
|b SNK
|d 2006-12-04
|i snk2006/25228
|l 0
|o snkČSB 4417/1996 D1
|p 17A0463386
|r 2026-02-21 20:14:41
|t č. 1-2
|w 2026-02-21
|y PREZ
|
| 952 |
|
|
|0 0
|1 0
|4 0
|7 0
|8 0
|a SNK
|b SNK
|d 2008-01-16
|i snk2008/1107
|l 0
|o snkČSB 4417/1999
|p 17A0563727
|r 2026-02-21 20:28:31
|t č. 1-12
|w 2026-02-21
|y PREZ
|z Č. 2-5 = Informátor.
|
| 952 |
|
|
|0 0
|1 0
|4 0
|7 0
|8 0
|a SNK
|b SNK
|d 2008-01-16
|i snk2008/1108
|l 0
|o snkČSB 4417/1999 D1
|p 17A0563728
|r 2026-02-21 20:28:31
|t č. 1-12
|w 2026-02-21
|y PREZ
|
| 952 |
|
|
|0 0
|1 0
|4 0
|7 0
|8 0
|a SNK
|b SNK
|d 2008-02-19
|i snk2008/4380
|l 0
|o snkČSB 4417/13/2003
|p 17A0563369
|r 2026-02-21 20:29:04
|t č. 1-12
|w 2026-02-21
|y PREZ
|
| 952 |
|
|
|0 0
|1 0
|4 0
|7 0
|8 0
|a SNK
|b SNK
|d 2008-02-19
|i snk2008/4381
|l 0
|o snkČSB 4417/13/2003 D1
|p 17A0563370
|r 2026-02-21 20:39:02
|t č. 1-12, neúplné
|w 2026-02-21
|y PREZ
|z Chýba č. 12
|
| 952 |
|
|
|0 0
|1 0
|4 0
|7 0
|8 0
|a SNK
|b SNK
|d 2016-02-11
|i snk2016/3681
|l 0
|o snkČSB 4417/15/2005
|p 17A1147145
|r 2026-02-21 22:02:13
|t č. 1-12
|w 2026-02-21
|y PREZ
|
| 952 |
|
|
|0 0
|1 0
|4 0
|7 0
|8 0
|a SNK
|b SNK
|d 2016-02-11
|i snk2016/3682
|l 0
|o snkČSB 4417/15/2005 D1
|p 17A1147146
|r 2026-02-21 22:02:13
|t č. 1-12
|w 2026-02-21
|y PREZ
|
| 952 |
|
|
|0 0
|1 0
|4 0
|7 0
|8 0
|a SNK
|b SNK
|d 2018-12-14
|i snk2018/27225
|l 0
|o snkČSB 4417/2006
|p 17A1341640
|r 2026-02-21 22:13:53
|t č. 1-3
|w 2026-02-21
|y PREZ
|
| 952 |
|
|
|0 0
|1 0
|4 0
|7 0
|8 0
|a SNK
|b SNK
|d 2018-12-14
|i snk2018/27228
|l 0
|o snkČSB 4417/2007
|p 17A1341641
|r 2026-02-21 22:13:53
|t č. 1
|w 2026-02-21
|y PREZ
|
| 952 |
|
|
|0 0
|1 0
|4 0
|7 0
|8 0
|a SNK
|b SNK
|d 2018-12-14
|i snk2018/27229
|l 0
|o snkČSB 4417/2009
|p 17A1341642
|r 2026-02-21 22:13:53
|t č. 1-2
|w 2026-02-21
|y PREZ
|
| 952 |
|
|
|0 0
|1 0
|4 0
|7 0
|8 0
|a SNK
|b SNK
|d 2018-12-14
|i snk2018/27231
|l 0
|o snkČSB 4417/2006 D1
|p 17A1341643
|r 2026-02-21 22:13:54
|t č. 1-3, neúplné
|w 2026-02-21
|y PREZ
|z Chýba č. 1
|
| 952 |
|
|
|0 0
|1 0
|4 0
|7 0
|8 0
|a SNK
|b SNK
|d 2018-12-14
|i snk2018/27232
|l 0
|o snkČSB 4417/2007 D1
|p 17A1341644
|r 2026-02-21 22:13:54
|t č. 1
|w 2026-02-21
|y PREZ
|
| 952 |
|
|
|0 0
|1 0
|4 0
|7 0
|8 0
|a SNK
|b SNK
|d 2018-12-14
|i snk2018/27234
|l 0
|o snkČSB 4417/2009 D1
|p 17A1341645
|r 2026-02-21 22:13:54
|t č. 1-2, neúplné
|w 2026-02-21
|y PREZ
|z Chýba č. 1
|
| 952 |
|
|
|0 0
|1 0
|4 0
|7 0
|a SNK
|b SNK
|d 2020-02-14
|i snkČSP 4238/94
|l 0
|o snkČSB 4417/1993
|p 17A0938769
|r 2026-02-21 22:29:50
|t č. 1-4
|w 2026-02-21
|y PREZ
|
| 952 |
|
|
|0 0
|1 0
|4 0
|7 0
|a SNK
|b SNK
|d 2020-02-14
|i snkČSP 1670/96
|l 0
|o snkČSB 4417/1994
|p 17A0938760
|r 2026-02-21 22:29:50
|t č. 1-3
|w 2026-02-21
|y PREZ
|
| 952 |
|
|
|0 0
|1 0
|4 0
|7 0
|a SNK
|b SNK
|d 2020-02-14
|i snkČSP 1668/96
|l 0
|o snkČSB 4417/1995
|p 17A0938759
|r 2026-02-21 22:29:50
|t č. 1-2
|w 2026-02-21
|y PREZ
|
| 952 |
|
|
|0 0
|1 0
|4 0
|7 0
|a SNK
|b SNK
|d 2020-02-14
|i snkČSP 4700/94
|l 0
|o snkČSB 4417/1992
|p 17A0938761
|r 2026-02-21 22:29:50
|t č. 1-2
|w 2026-02-21
|y PREZ
|
| 952 |
|
|
|0 0
|1 0
|4 0
|7 0
|a SNK
|b SNK
|d 2020-02-14
|i snkČSP 4701/94
|l 0
|o snkČSB 4417/1992 D1
|p 17A1386696
|r 2026-02-21 22:29:50
|t č. 1-2
|w 2026-02-21
|y PREZ
|
| 952 |
|
|
|0 0
|1 0
|4 0
|7 0
|a SNK
|b SNK
|d 2020-02-14
|i snkČSP 680/93
|l 0
|o snkČSB 4417/1991
|p 17A0874502
|r 2026-02-21 22:29:50
|t č. 1-2
|w 2026-02-21
|y PREZ
|
| 952 |
|
|
|0 0
|1 0
|4 0
|7 0
|a SNK
|b SNK
|d 2020-02-14
|i snkČSP 681/93
|l 0
|o snkČSB 4417/1991 D1
|p 17A1386991
|r 2026-02-21 22:29:50
|t č. 1-2
|w 2026-02-21
|y PREZ
|